|
|
|
|
| LEADER |
01598nam a2200325 a 4500 |
| 001 |
2065208 |
| 003 |
BD-DhAAL |
| 008 |
091102s1993 bg b 001 0 eng d |
| 999 |
|
|
|c 5011
|d 5011
|
| 010 |
|
|
|a 93902689
|
| 020 |
|
|
|a 9840512099
|c Tk400.00
|
| 040 |
|
|
|a DLC
|c DLC
|d DLC
|d BD-DhAAL
|
| 082 |
0 |
0 |
|a 338.95
|2 20
|
| 100 |
1 |
|
|a Sobhan, Rehman.
|9 35823
|
| 245 |
1 |
0 |
|a Rethinking the role of the state in development :
|b Asian perspectives /
|c Rehman Sobhan.
|
| 260 |
|
|
|a Dhaka, Bangladesh :
|b University Press,
|c 1993.
|
| 300 |
|
|
|a 323 pages ;
|c 22 cm.
|
| 504 |
|
|
|a Includes bibliographical references (p. 310-311) and index.
|
| 526 |
|
|
|a BIED
|
| 541 |
1 |
|
|e 00005378, 35883
|a Complimentary copy from BIED
|
| 610 |
2 |
0 |
|a World Bank
|z Asia.
|9 35824
|
| 650 |
|
0 |
|a State, The.
|9 35825
|
| 650 |
|
0 |
|a Structural adjustment (Economic policy)
|z Asia.
|9 35826
|
| 651 |
|
0 |
|a Developing countries
|x Economic policy.
|9 35827
|
| 651 |
|
0 |
|a Developing countries
|x Social policy.
|9 35828
|
| 852 |
4 |
|
|a Ayesha Abed Library
|j General Shelf.
|
| 942 |
|
|
|2 ddc
|c BK
|
| 952 |
|
|
|0 0
|1 0
|2 ddc
|4 0
|6 338_950000000000000_SOB_1993
|7 0
|9 4835
|a BRACUL
|b BRACUL
|c GEN
|d 2009-11-02
|g 400.00
|l 0
|o 338.95 SOB
|p 3010005378
|r 2009-11-02
|t 1
|v 800.00
|w 2009-11-02
|y BK
|
| 952 |
|
|
|0 0
|1 0
|2 ddc
|4 0
|6 338_950000000000000_SOB
|7 0
|9 42993
|a SCL
|b SCL
|c GEN
|d 1998-11-14
|g 400.00
|l 2
|m 1
|o 338.95 SOB
|p 3020000558
|r 2025-09-11
|s 2025-08-17
|t 2
|w 2014-07-08
|y BK
|
| 952 |
|
|
|0 0
|1 0
|2 ddc
|4 0
|6 338_950000000000000_SOB
|7 0
|9 66663
|a BRACUL
|b BRACUL
|c GEN
|d 2019-10-03
|e Complimentary copy from BIED
|l 0
|o 338.95 SOB
|p 3010035883
|r 2019-10-03
|t 3
|w 2019-10-03
|y BK
|x Transferred from BIED to General Stacks
|